Invincible thinking : life can be compared to the construction of a tunnel; it seems we are often obstructed by solid rock

Bibliographic Details
Main Author: Okawa, Ryuho
Format: Book
Published: KL : Synergy Media , [s.n]
Subjects:

MARC

LEADER 00000cam a2200000 7i4500
001 0000034915
005 20130104.0
008 130104
020 |a 9673221233 
090 0 0 |a 158.42   |b OKA 
100 1 |a Okawa, Ryuho 
245 1 0 |a Invincible thinking :   |b life can be compared to the construction of a tunnel; it seems we are often obstructed by solid rock   |c Ryuho Okawa 
260 |a KL :   |b Synergy Media ,   |c [s.n] 
650 0 |a Conduct of life 
650 0 |a Success 
999 |a 0001153229   |b Book   |c Adult Collection   |e Cawangan Mersing 
999 |a 0001153231   |b Book   |c Adult Collection   |e Perbadanan Perpustakaan Awam Johor 
999 |a 0001153232   |b Book   |c Adult Collection   |e Perbadanan Perpustakaan Awam Johor